000 01579cam a2200133 4500500
005 20251214004413.0
041 _afre
042 _adc
100 1 0 _aAvezou, Laurent
_eauthor
245 0 0 _aLes institutions de la France moderne : XVe - XVIIe siècle
260 _bArmand Colin,
_c2014.
520 _aCet ouvrage propose une analyse méthodique des institutions de la France dite moderne, depuis le milieu du XVe siècle, fin de la guerre de Cent Ans, jusqu’à 1789, début de la Révolution. Cette longue période est dominée par la montée en puissance de l’État royal, mais également marquée par le décalage constant entre volontarisme politique et réalité sociale. Une première partie détaille les institutions monarchiques, depuis la personne du roi jusqu’à celle de ses agents, au niveau central, puis provincial. Elle met en lumière les rapports, souvent ambigus, voire conflictuels, qui existent entre le quadrillage souverain et des réalités institutionnelles préexistantes. Celles-ci sont largement décrites dans la deuxième partie de l’ouvrage : Église, seigneuries, communautés d’habitants, villes, assemblées d’états sont présentées dans leur fonctionnement et dans leur relation à la monarchie. L’auteur s’attache à souligner leurs caractéristiques spécifiques et achève ce panorama par l’évocation des marges confessionnelles et sociales, hors du cadre institutionnel classique.
856 4 1 _uhttps://shs.cairn.info/les-institutions-de-la-france-moderne--9782200286606?lang=fr&redirect-ssocas=7080
999 _c1568523
_d1568523